Monetary management; principles and practice,

Saved in:
Bibliographic Details
Main Author: Cramp, Alfred Bernard
Format: Book
Language:English
Published: London, Allen and Unwin, 1971.
Series:Studies in economics, 6
Subjects:
LEADER 01011nam a2200277 4500
001 c000378518
003 CARM
005 00000000000000.0
008 720203s1971 enka 00110 eng
015 |a B71-18399 
019 1 |a 70237231  |5 LACONCORD2021 
020 |a 0043320449 (pbk.)  |a 0043320430 
035 |a (OCoLC)247632  |5 LACONCORD2021 
050 0 0 |a HG255  |b .C67 
100 1 |a Cramp, Alfred Bernard. 
245 0 0 |a Monetary management;  |b principles and practice,  |c by A. B. Cramp. 
260 |a London,  |b Allen and Unwin,  |c 1971. 
300 |a 3-142 p.  |b illus.  |c 23 cm. 
490 0 |a Studies in economics, 6 
500 |a Label mounted on t.p.: Distributed by Lawrence Verry, Mystic, Conn. 
650 0 |a Monetary policy. 
650 0 |a Fiscal policy. 
852 8 |b CARM  |h A1:AL16B0  |i B09993  |p 0451129  |f BK 
082 0 4 |a 332.4/6 
999 f f |i 58729ac5-0e0a-5146-9dde-a35d9ed49d3f  |s 6417c687-2d4a-5eb6-81aa-fc54cefaede8 
952 f f |p Can circulate  |a CAVAL  |b CAVAL  |c CAVAL  |d CARM 1 Store  |e B09993  |f A1:AL16B0  |h Other scheme  |i book  |m 0451129